[Event "Krefeld op"]
[Site "Krefeld"]
[Date "2023.08.03"]
[Round "3"]
[White "Eurich, Jannik"]
[Black "Isik, Tahsin Bugra"]
[Result "1/2-1/2"]
[WhiteElo "2055"]
[BlackElo "1542"]
[PlyCount "71"]
[EventDate "2023.08.02"]
[EventType "swiss"]
[EventRounds "9"]
[EventCountry "GER"]
[SourceTitle "CBM 215 Extra"]
[Source "ChessBase"]
[SourceDate "2023.09.30"]
[SourceVersion "1"]
[SourceVersionDate "2023.09.30"]
[SourceQuality "1"]

1. e4 e5 2. Nf3 Nc6 3. Bb5 Bc5 4. 0-0 Nf6 5. Re1 d6 6. h3 0-0 7. c3 a6 8. Ba4 b5 9. Bc2 Bb6 10. d4 h6 11. Be3 Rb8 12. Nbd2 Re8 13. a4 exd4 14. cxd4 Nb4 15. Bb1 c5 16. Nf1 Nxe4 17. Bxe4 Rxe4 18. dxc5 dxc5 19. Qxd8+ Bxd8 20. Bxc5 Rxe1 21. Rxe1 Nc6 22. Re8+ Kh7 23. Ne5 Nxe5 24. Rxd8 Nc6 25. Rd6 Na5 26. axb5 Rxb5 27. b4 Nb3 28. Rc6 Be6 29. Bd6 a5 30. bxa5 Nxa5 31. Rc1 Nc4 32. Bg3 g5 33. Re1 Kg6 34. h4 g4 35. Ne3 Nxe3 36. Rxe3 1/2-1/2